[Event "PMPJ 2022 - D13"]
[Site "Jastrzebia Gora"]
[Date "2022.11.08"]
[Round "4.1"]
[White "Walerjan, Ada"]
[Black "Branka, Julia"]
[Result "0-1"]
[BlackElo "1143"]
[WhiteElo "1209"]
[LiveChessVersion "1.4.8"]

1. e4 {[%clk 1:30:58]} c5 {[%clk 1:30:55]} 2. Nf3 {[%clk 1:31:15]} g6
{[%clk 1:31:20]} 3. d4 {[%clk 1:31:34]} cxd4 {[%clk 1:31:45]} 4. Nxd4
{[%clk 1:31:55]} Nc6 {[%clk 1:32:08]} 5. c4 {[%clk 1:32:04]} Bg7 {[%clk 1:32:28]}
6. Be3 {[%clk 1:32:16]} Nf6 {[%clk 1:32:21]} 7. Nc3 {[%clk 1:32:13]} O-O
{[%clk 1:32:32]} 8. Be2 {[%clk 1:32:00]} d6 {[%clk 1:32:31]} 9. O-O
{[%clk 1:30:08]} a5 {[%clk 1:28:21]} 10. b3 {[%clk 1:25:36]} a4 {[%clk 1:18:01]}
11. Rb1 {[%clk 1:19:21]} axb3 {[%clk 1:11:38]} 12. axb3 {[%clk 1:18:38]} Ng4
{[%clk 1:06:47]} 13. Bxg4 {[%clk 1:15:41]} Bxg4 {[%clk 1:07:08]} 14. Qxg4
{[%clk 1:13:17]} Nxd4 {[%clk 1:07:20]} 15. Qd1 {[%clk 1:12:19]} Nc6
{[%clk 1:03:34]} 16. Qd2 {[%clk 1:08:56]} Qa5 {[%clk 1:00:43]} 17. Nd5
{[%clk 1:05:18]} Qxd2 {[%clk 0:58:41]} 18. Bxd2 {[%clk 1:05:43]} Ra2
{[%clk 0:57:11]} 19. Rfd1 {[%clk 0:58:25]} Rfa8 {[%clk 0:50:00]} 20. g3
{[%clk 0:44:08]} Ra1 {[%clk 0:39:48]} 21. Kg2 {[%clk 0:38:18]} R8a2
{[%clk 0:34:41]} 22. Bc3 {[%clk 0:34:24]} Rxb1 {[%clk 0:34:18]} 23. Rxb1
{[%clk 0:34:50]} Bxc3 {[%clk 0:32:25]} 24. Nxc3 {[%clk 0:35:13]} Ra3
{[%clk 0:28:55]} 25. Nb5 {[%clk 0:34:50]} Ra2 {[%clk 0:29:03]} 26. Kf3
{[%clk 0:25:56]} Ne5+ {[%clk 0:27:55]} 27. Kg2 {[%clk 0:25:48]} Ng4
{[%clk 0:25:30]} 28. Kg1 {[%clk 0:24:17]} Nxf2 {[%clk 0:25:02]} 29. Re1
{[%clk 0:21:21]} Ng4 {[%clk 0:23:48]} 30. h3 {[%clk 0:20:54]} Ne5
{[%clk 0:21:49]} 31. Re3 {[%clk 0:20:33]} Ra1+ {[%clk 0:20:03]} 32. Kg2
{[%clk 0:20:00]} Rd1 {[%clk 0:20:07]} 33. Kf2 {[%clk 0:16:08]} Rd2+
{[%clk 0:16:45]} 34. Kg1 {[%clk 0:15:36]} Rd3 {[%clk 0:16:02]} 35. Kf2
{[%clk 0:15:24]} Rd2+ {[%clk 0:15:38]} 36. Kg1 {[%clk 0:15:13]} Nd3
{[%clk 0:15:41]} 37. Nd4 {[%clk 0:10:12]} Nc5 {[%clk 0:15:16]} 38. Nf3
{[%clk 0:07:31]} Rb2 {[%clk 0:15:03]} 39. Nd4 {[%clk 0:07:38]} Kf8
{[%clk 0:13:10]} 40. e5 {[%clk 0:05:59]} dxe5 {[%clk 0:13:16]} 41. Rxe5
{[%clk 0:06:26]} Nxb3 {[%clk 0:13:28]} 42. Rb5 {[%clk 0:05:29]} Rb1+
{[%clk 0:13:51]} 43. Kf2 {[%clk 0:05:39]} Nd2 {[%clk 0:14:03]} 44. Rxb1
{[%clk 0:05:13]} Nxb1 {[%clk 0:14:27]} 45. Nb3 {[%clk 0:05:29]} Na3
{[%clk 0:14:45]} 46. Nc5 {[%clk 0:05:33]} Nxc4 {[%clk 0:14:58]} 47. Nxb7
{[%clk 0:06:01]} f5 {[%clk 0:14:56]} 48. Nc5 {[%clk 0:06:13]} e5 {[%clk 0:15:09]}
49. Ne6+ {[%clk 0:06:05]} Ke7 {[%clk 0:15:11]} 50. Ng5 {[%clk 0:06:27]} h6
{[%clk 0:15:05]} 51. Nf3 {[%clk 0:06:50]} Kf6 {[%clk 0:14:51]} 52. Ke2
{[%clk 0:07:00]} e4 {[%clk 0:14:51]} 53. Nd4 {[%clk 0:06:49]} g5 {[%clk 0:14:53]}
54. Kf2 {[%clk 0:07:01]} f4 {[%clk 0:14:32]} 55. gxf4 {[%clk 0:07:20]} gxf4
{[%clk 0:14:54]} 56. Ne2 {[%clk 0:07:30]} Kg5 {[%clk 0:14:14]} 57. Ng1
{[%clk 0:07:06]} h5 {[%clk 0:13:55]} 58. Ke2 {[%clk 0:07:25]} Kh4
{[%clk 0:13:18]} 59. Kf2 {[%clk 0:07:43]} Ne3 {[%clk 0:13:12]} 60. Ke2
{[%clk 0:07:52]} Kg3 {[%clk 0:13:21]} 61. Ke1 {[%clk 0:07:47]} f3
{[%clk 0:13:21]} 62. Kd2 {[%clk 0:07:48]} Kf2 {[%clk 0:13:09]} 63. Nxf3
{[%clk 0:07:58]} exf3 {[%clk 0:13:29]} 0-1

[Event "PMPJ 2022 - D13"]
[Site "Jastrzebia Gora"]
[Date "2022.11.08"]
[Round "4.3"]
[White "Doskocz, Dominika"]
[Black "Pietrzak, Antonina"]
[Result "1-0"]
[BlackElo "1086"]
[WhiteElo "1158"]
[LiveChessVersion "1.4.8"]

1. e4 {[%clk 1:30:59]} e5 {[%clk 1:30:58]} 2. Nf3 {[%clk 1:31:25]} Nc6
{[%clk 1:31:26]} 3. Bc4 {[%clk 1:31:50]} Nf6 {[%clk 1:30:45]} 4. d3
{[%clk 1:32:10]} Be7 {[%clk 1:31:07]} 5. Nc3 {[%clk 1:32:33]} d6 {[%clk 1:31:20]}
6. Be3 {[%clk 1:32:56]} Na5 {[%clk 1:31:38]} 7. Bb3 {[%clk 1:32:33]} Nxb3 8. axb3
{[%clk 1:32:55]} a6 {[%clk 1:32:36]} 9. h3 {[%clk 1:32:57]} O-O {[%clk 1:32:34]}
10. O-O {[%clk 1:33:19]} h6 {[%clk 1:32:28]} 11. Qd2 {[%clk 1:33:32]} Be6
{[%clk 1:30:49]} 12. Nh2 {[%clk 1:26:59]} Nd7 {[%clk 1:26:58]} 13. f4
{[%clk 1:22:43]} exf4 {[%clk 1:20:12]} 14. Bxf4 {[%clk 1:22:43]} Nf6
{[%clk 1:14:31]} 15. Ne2 {[%clk 1:17:29]} Nh7 {[%clk 1:13:32]} 16. Ng3
{[%clk 1:11:43]} Bg5 {[%clk 1:12:37]} 17. Nh5 {[%clk 1:08:29]} Bxf4
{[%clk 1:10:06]} 18. Nxf4 {[%clk 1:07:05]} Qd7 {[%clk 1:08:07]} 19. Qe3
{[%clk 1:02:28]} Qc6 {[%clk 1:05:01]} 20. Rac1 {[%clk 0:58:30]} Rae8
{[%clk 1:00:04]} 21. Nh5 {[%clk 0:56:22]} Re7 {[%clk 0:55:18]} 22. Kh1
{[%clk 0:55:31]} f6 {[%clk 0:49:10]} 23. Rf3 {[%clk 0:50:00]} Qd7
{[%clk 0:47:50]} 24. Rg3 {[%clk 0:48:09]} Kh8 {[%clk 0:47:09]} 25. Nf4
{[%clk 0:47:36]} Bf7 {[%clk 0:46:11]} 26. Nf3 {[%clk 0:45:10]} Ng5
{[%clk 0:42:47]} 27. Nh4 {[%clk 0:43:23]} Kh7 {[%clk 0:40:33]} 28. Nf5
{[%clk 0:40:32]} Ree8 {[%clk 0:37:38]} 29. h4 {[%clk 0:32:53]} Be6
{[%clk 0:28:23]} 30. Nxe6 {[%clk 0:18:16]} Nxe6 {[%clk 0:27:54]} 31. Rf1
{[%clk 0:15:17]} Rg8 {[%clk 0:24:30]} 32. Qf3 {[%clk 0:13:00]} Qf7
{[%clk 0:19:39]} 33. Kh2 {[%clk 0:10:57]} Ref8 {[%clk 0:16:30]} 34. Kh1
{[%clk 0:07:44]} Nc5 {[%clk 0:12:13]} 35. h5 {[%clk 0:07:02]} Ne6
{[%clk 0:09:52]} 36. Kg1 {[%clk 0:06:06]} Ng5 37. Qg4 {[%clk 0:05:37]} g6
{[%clk 0:07:06]} 38. hxg6+ {[%clk 0:05:40]} Rxg6 {[%clk 0:06:56]} 39. Nh4
{[%clk 0:05:27]} Rg7 {[%clk 0:06:54]} 40. Qf5+ {[%clk 0:05:06]} Kg8
{[%clk 0:06:36]} 41. Nf3 {[%clk 0:04:57]} Qg6 {[%clk 0:05:40]} 42. Qxg6
{[%clk 0:05:00]} Rxg6 43. Nh4 {[%clk 0:05:10]} Rg7 {[%clk 0:06:08]} 44. Nf5
{[%clk 0:05:26]} Rh7 {[%clk 0:06:06]} 45. Rg4 {[%clk 0:05:08]} h5
{[%clk 0:05:56]} 46. Rh4 {[%clk 0:05:13]} Ne6 {[%clk 0:05:46]} 47. Rf3 Ng7
{[%clk 0:05:15]} 48. Rg3 {[%clk 0:04:54]} Rf7 {[%clk 0:05:32]} 49. Rg6
{[%clk 0:04:24]} Kh8 {[%clk 0:04:42]} 50. Nxg7 {[%clk 0:04:46]} Rfxg7
{[%clk 0:04:48]} 51. Rxf6 {[%clk 0:05:06]} Rg5 {[%clk 0:04:35]} 52. Rf5
{[%clk 0:05:11]} Rxf5 {[%clk 0:04:56]} 53. exf5 {[%clk 0:05:36]} Kg7
{[%clk 0:05:22]} 54. Kf2 {[%clk 0:05:51]} Kf6 {[%clk 0:05:51]} 55. g4
{[%clk 0:06:01]} Rh6 {[%clk 0:05:37]} 56. Kg3 {[%clk 0:05:52]} Kg5
{[%clk 0:06:01]} 57. gxh5 {[%clk 0:05:14]} Kxf5 {[%clk 0:06:09]} 58. Rf4+
{[%clk 0:03:51]} Kg5 {[%clk 0:05:16]} 59. Rf7 {[%clk 0:04:05]} Kxh5 60. Rxc7
{[%clk 0:04:27]} Rg6+ {[%clk 0:05:25]} 61. Kf3 {[%clk 0:04:47]} b6 62. Rc6
{[%clk 0:04:46]} d5 {[%clk 0:03:58]} 63. Rxg6 {[%clk 0:05:07]} Kxg6
{[%clk 0:04:25]} 64. Ke3 {[%clk 0:05:22]} Kf5 {[%clk 0:04:46]} 65. Kd4
{[%clk 0:05:35]} Ke6 {[%clk 0:05:06]} 66. c4 {[%clk 0:05:29]} dxc4
{[%clk 0:05:02]} 67. bxc4 {[%clk 0:05:29]} Kd6 {[%clk 0:05:23]} 68. b3
{[%clk 0:04:54]} a5 {[%clk 0:05:39]} 69. Kc3 {[%clk 0:04:54]} Kc5
{[%clk 0:04:33]} 70. d4+ {[%clk 0:04:50]} Kc6 {[%clk 0:04:21]} 71. b4
{[%clk 0:04:40]} Kc7 {[%clk 0:02:46]} 72. bxa5 {[%clk 0:04:23]} bxa5
{[%clk 0:03:13]} 73. Kb3 {[%clk 0:04:31]} Kc6 {[%clk 0:02:48]} 74. Ka4
{[%clk 0:04:04]} Kb6 {[%clk 0:02:49]} 75. c5+ {[%clk 0:03:34]} Ka6
{[%clk 0:01:45]} 76. d5 {[%clk 0:03:46]} Kb7 {[%clk 0:02:02]} 77. Kxa5
{[%clk 0:04:01]} Ka7 {[%clk 0:02:07]} 78. c6 {[%clk 0:03:42]} Kb8
{[%clk 0:01:21]} 79. Kb6 {[%clk 0:03:48]} Ka8 {[%clk 0:01:29]} 80. d6
{[%clk 0:04:02]} Kb8 {[%clk 0:01:53]} 81. c7+ {[%clk 0:04:24]} Kc8
{[%clk 0:02:05]} 82. Ka7 {[%clk 0:04:25]} Kd7 {[%clk 0:02:25]} 83. Kb7
{[%clk 0:04:45]} Kxd6 {[%clk 0:02:33]} 1-0

[Event "PMPJ 2022 - D13"]
[Site "Jastrzebia Gora"]
[Date "2022.11.08"]
[Round "4.5"]
[White "Kucia, Kinga"]
[Black "Chmielek, Kamelia"]
[Result "0-1"]
[BlackElo "1386"]
[WhiteElo "1162"]
[LiveChessVersion "1.4.8"]

1. d4 {[%clk 1:30:57]} d5 {[%clk 1:30:56]} 2. c4 {[%clk 1:31:13]} e6
{[%clk 1:31:22]} 3. Nc3 {[%clk 1:31:25]} a6 {[%clk 1:31:45]} 4. Bf4
{[%clk 1:29:49]} Nf6 {[%clk 1:31:47]} 5. cxd5 {[%clk 1:27:50]} exd5
{[%clk 1:32:10]} 6. e3 {[%clk 1:28:06]} Be7 {[%clk 1:29:40]} 7. Bd3
{[%clk 1:27:02]} O-O {[%clk 1:29:48]} 8. Nf3 {[%clk 1:25:55]} Nbd7
{[%clk 1:24:17]} 9. O-O {[%clk 1:24:29]} c5 {[%clk 1:23:44]} 10. Rc1
{[%clk 1:19:06]} c4 {[%clk 1:10:34]} 11. Bb1 {[%clk 1:16:44]} b5 {[%clk 1:10:33]}
12. Qc2 {[%clk 1:13:43]} Bb7 {[%clk 1:06:24]} 13. a3 {[%clk 1:07:58]} Re8
{[%clk 1:03:25]} 14. Qe2 {[%clk 1:01:14]} Ne4 {[%clk 0:51:08]} 15. Rfd1
{[%clk 0:55:14]} Nxc3 {[%clk 0:45:21]} 16. Rxc3 {[%clk 0:53:59]} a5
{[%clk 0:44:39]} 17. Bf5 {[%clk 0:42:22]} b4 {[%clk 0:38:07]} 18. axb4
{[%clk 0:40:15]} axb4 {[%clk 0:38:12]} 19. Rcc1 {[%clk 0:38:21]} g6
{[%clk 0:34:16]} 20. Bxd7 {[%clk 0:35:15]} Qxd7 {[%clk 0:34:39]} 21. Ra1
{[%clk 0:30:34]} Bd6 {[%clk 0:31:31]} 22. Ne5 {[%clk 0:24:08]} Qc7
{[%clk 0:31:17]} 23. Bg3 {[%clk 0:18:53]} f6 {[%clk 0:29:55]} 24. Nf3
{[%clk 0:18:44]} Bxg3 {[%clk 0:29:37]} 25. hxg3 {[%clk 0:19:03]} Ra5
{[%clk 0:28:42]} 26. Qe1 {[%clk 0:15:14]} Rea8 {[%clk 0:23:19]} 27. Rxa5
{[%clk 0:08:57]} Qxa5 {[%clk 0:23:43]} 28. Nd2 {[%clk 0:06:27]} Qa2
{[%clk 0:19:43]} 29. Rb1 {[%clk 0:05:10]} c3 {[%clk 0:15:58]} 30. bxc3
{[%clk 0:04:55]} bxc3 {[%clk 0:16:19]} 31. Nf3 {[%clk 0:03:24]} Ba6
{[%clk 0:10:32]} 32. Ra1 {[%clk 0:01:33]} Qb2 {[%clk 0:10:51]} 33. Rb1
{[%clk 0:01:34]} Bd3 {[%clk 0:11:12]} 34. Rc1 {[%clk 0:00:48]} c2
{[%clk 0:06:59]} 35. Qd2 {[%clk 0:00:38]} Ra1 {[%clk 0:07:04]} 36. Qxd3
{[%clk 0:00:38]} Qxc1+ {[%clk 0:07:26]} 37. Kh2 Qb2 0-1

[Event "PMPJ 2022 - D13"]
[Site "Jastrzebia Gora"]
[Date "2022.11.08"]
[Round "4.6"]
[White "Wrona, Faustyna"]
[Black "Gancarz, Julia"]
[Result "0-1"]
[BlackElo "1044"]
[WhiteElo "1094"]
[LiveChessVersion "1.4.8"]

1. e4 {[%clk 1:30:58]} e5 {[%clk 1:30:48]} 2. Nf3 {[%clk 1:31:24]} Nc6
{[%clk 1:30:49]} 3. d4 {[%clk 1:31:47]} exd4 {[%clk 1:30:20]} 4. Nxd4
{[%clk 1:32:11]} Nf6 {[%clk 1:30:04]} 5. Bg5 {[%clk 1:31:15]} Be7
{[%clk 1:25:02]} 6. Nxc6 {[%clk 1:29:32]} bxc6 {[%clk 1:24:10]} 7. Nc3
{[%clk 1:29:02]} O-O {[%clk 1:18:19]} 8. Bd3 {[%clk 1:28:56]} d5 {[%clk 1:15:50]}
9. O-O {[%clk 1:23:04]} Rb8 {[%clk 1:09:42]} 10. exd5 {[%clk 1:20:48]} cxd5
{[%clk 1:08:17]} 11. Bxf6 {[%clk 1:18:39]} Bxf6 {[%clk 1:08:01]} 12. Nxd5
{[%clk 1:13:58]} Bxb2 {[%clk 1:04:15]} 13. Rb1 {[%clk 1:14:18]} g6
{[%clk 0:57:14]} 14. Re1 {[%clk 1:12:48]} Qxd5 {[%clk 0:54:31]} 15. c4
{[%clk 1:10:26]} Qd4 {[%clk 0:51:14]} 16. Re4 {[%clk 1:10:44]} Qf6
{[%clk 0:50:18]} 17. Qa4 {[%clk 1:04:52]} Bf5 {[%clk 0:47:27]} 18. Re3
{[%clk 1:05:11]} Bd4 {[%clk 0:44:33]} 19. Rf3 {[%clk 1:04:45]} Rxb1+
{[%clk 0:44:32]} 20. Bxb1 {[%clk 1:04:44]} Rb8 {[%clk 0:43:39]} 21. Qd1
{[%clk 1:04:21]} Rxb1 {[%clk 0:42:12]} 22. Qxb1 {[%clk 1:04:19]} Bxb1
{[%clk 0:42:36]} 23. Rxf6 {[%clk 1:04:44]} Bxf6 {[%clk 0:42:56]} 24. a3
{[%clk 1:05:03]} Ba2 {[%clk 0:43:03]} 25. Kf1 {[%clk 1:05:12]} Bxc4+
{[%clk 0:43:22]} 26. Ke1 {[%clk 1:05:35]} Bc3+ {[%clk 0:43:36]} 27. Kd1
{[%clk 1:05:28]} Bb3+ {[%clk 0:43:56]} 28. Kc1 {[%clk 1:05:53]} Bf6
{[%clk 0:43:44]} 29. g3 {[%clk 1:05:41]} Bd4 {[%clk 0:43:28]} 30. f4
{[%clk 1:05:44]} Be3+ {[%clk 0:43:51]} 31. Kb2 {[%clk 1:05:58]} Ba4
{[%clk 0:43:57]} 32. Kc3 {[%clk 1:06:05]} Bc5 {[%clk 0:43:39]} 33. Kb2
{[%clk 1:06:20]} f5 {[%clk 0:41:59]} 34. Ka2 {[%clk 1:06:43]} Bd4
{[%clk 0:41:00]} 35. Kb1 {[%clk 1:06:57]} Be3 {[%clk 0:41:10]} 36. Kb2
{[%clk 1:07:05]} Bd2 {[%clk 0:41:14]} 37. Ka2 {[%clk 1:06:52]} c5
{[%clk 0:41:02]} 38. h4 {[%clk 1:06:48]} c4 {[%clk 0:41:22]} 39. g4
{[%clk 1:06:26]} c3 {[%clk 0:41:39]} 40. h5 {[%clk 1:04:57]} Bxf4
{[%clk 0:41:47]} 41. gxf5 {[%clk 1:04:15]} gxf5 {[%clk 0:41:53]} 42. h6
{[%clk 1:04:39]} c2 {[%clk 0:41:46]} 43. Kb2 {[%clk 1:04:45]} c1=Q+
{[%clk 0:41:54]} 44. Ka2 {[%clk 1:05:12]} Qc2+ {[%clk 0:41:52]} 45. Ka1
{[%clk 1:05:31]} Be5# {[%clk 0:42:18]} 0-1

[Event "PMPJ 2022 - D13"]
[Site "Jastrzebia Gora"]
[Date "2022.11.08"]
[Round "4.7"]
[White "Cichon, Julia"]
[Black "Kaminska, Zuzanna"]
[Result "0-1"]
[BlackElo "1066"]
[WhiteElo "1032"]
[LiveChessVersion "1.4.8"]

1. e4 {[%clk 1:30:56]} e5 {[%clk 1:30:54]} 2. Nf3 {[%clk 1:31:15]} Nc6
{[%clk 1:31:15]} 3. Bc4 {[%clk 1:31:15]} Nf6 {[%clk 1:31:11]} 4. d3
{[%clk 1:30:59]} d5 {[%clk 1:31:02]} 5. exd5 {[%clk 1:29:21]} Nxd5
{[%clk 1:31:19]} 6. c3 {[%clk 1:26:04]} Nb6 {[%clk 1:19:10]} 7. Bb3
{[%clk 1:25:03]} Be7 {[%clk 1:19:07]} 8. O-O {[%clk 1:21:46]} f6 {[%clk 1:19:23]}
9. h3 {[%clk 1:16:21]} Bf5 {[%clk 1:18:58]} 10. Bc2 {[%clk 1:15:38]} Qd7
{[%clk 1:18:54]} 11. Qe2 {[%clk 1:09:17]} O-O-O {[%clk 1:17:52]} 12. Rd1
{[%clk 1:07:35]} g5 {[%clk 1:15:07]} 13. d4 {[%clk 1:01:10]} Bxc2
{[%clk 1:14:51]} 14. Qxc2 {[%clk 1:01:29]} h5 {[%clk 1:14:42]} 15. Be3
{[%clk 0:49:18]} g4 {[%clk 1:13:01]} 16. Nh4 {[%clk 0:47:52]} gxh3
{[%clk 1:12:56]} 17. Qf5 {[%clk 0:47:00]} hxg2 {[%clk 1:11:33]} 18. Qxd7+
{[%clk 0:47:10]} Rxd7 {[%clk 1:11:42]} 19. Kxg2 {[%clk 0:44:05]} Rg8+
{[%clk 1:11:50]} 20. Kh3 {[%clk 0:40:45]} Nc4 {[%clk 1:10:55]} 21. b3
{[%clk 0:38:42]} Nxe3 {[%clk 1:11:06]} 22. fxe3 {[%clk 0:38:43]} Bd6
{[%clk 1:00:14]} 23. Nf5 {[%clk 0:36:12]} e4 {[%clk 0:57:09]} 24. Nxd6+
{[%clk 0:35:46]} Rxd6 {[%clk 0:57:26]} 25. Nd2 {[%clk 0:34:32]} f5
{[%clk 0:57:28]} 26. Rf1 {[%clk 0:34:01]} Rdg6 {[%clk 0:52:35]} 27. Rxf5
{[%clk 0:28:32]} Ne7 {[%clk 0:44:33]} 28. Rf4 {[%clk 0:24:46]} Rg3+
{[%clk 0:39:50]} 29. Kh2 {[%clk 0:21:49]} Rg2+ {[%clk 0:39:55]} 30. Kh1
{[%clk 0:21:35]} Rxd2 {[%clk 0:39:56]} 31. Rxe4 {[%clk 0:20:49]} Nf5
{[%clk 0:36:53]} 32. Rf4 {[%clk 0:16:30]} Ng3+ {[%clk 0:36:56]} 33. Kg1
{[%clk 0:16:36]} Ne2+ {[%clk 0:37:01]} 34. Kf1 {[%clk 0:16:18]} Nxf4
{[%clk 0:37:15]} 35. exf4 {[%clk 0:16:39]} h4 {[%clk 0:37:18]} 0-1

[Event "PMPJ 2022 - D13"]
[Site "Jastrzebia Gora"]
[Date "2022.11.08"]
[Round "4.8"]
[White "Socha, Maja"]
[Black "Kretowicz, Daria"]
[Result "0-1"]
[BlackElo "1115"]
[WhiteElo "1081"]
[LiveChessVersion "1.4.8"]

1. Nf3 {[%clk 1:30:50]} c5 {[%clk 1:30:35]} 2. g3 {[%clk 1:30:54]} e6
{[%clk 1:29:40]} 3. Bg2 {[%clk 1:30:46]} d5 {[%clk 1:28:00]} 4. O-O
{[%clk 1:30:06]} Nc6 {[%clk 1:25:31]} 5. d4 {[%clk 1:28:24]} Nf6 {[%clk 1:19:50]}
6. c4 {[%clk 1:26:57]} Be7 {[%clk 1:11:57]} 7. Nc3 {[%clk 1:24:12]} dxc4
{[%clk 1:03:54]} 8. Qa4 {[%clk 1:19:30]} O-O {[%clk 1:00:07]} 9. dxc5
{[%clk 1:16:05]} Bxc5 {[%clk 0:57:48]} 10. Qxc4 {[%clk 1:15:09]} Qb6
{[%clk 0:53:05]} 11. Bg5 {[%clk 1:09:03]} Nd7 {[%clk 0:49:54]} 12. Rab1
{[%clk 1:00:42]} Nde5 {[%clk 0:46:53]} 13. Nxe5 {[%clk 0:58:26]} Nxe5
{[%clk 0:47:07]} 14. Qh4 {[%clk 0:57:06]} f6 {[%clk 0:45:53]} 15. Bf4
{[%clk 0:54:56]} Ng6 {[%clk 0:39:41]} 16. Qh5 {[%clk 0:54:21]} Nxf4
{[%clk 0:38:09]} 17. gxf4 {[%clk 0:53:58]} Bd6 {[%clk 0:36:01]} 18. e3
{[%clk 0:50:28]} e5 {[%clk 0:34:50]} 19. Bd5+ {[%clk 0:44:47]} Kh8
{[%clk 0:33:52]} 20. Bf7 {[%clk 0:42:19]} Bg4 {[%clk 0:27:29]} 21. Qxg4
{[%clk 0:41:01]} Rxf7 {[%clk 0:27:35]} 22. Nd5 {[%clk 0:37:28]} Qd8
{[%clk 0:24:26]} 23. Kh1 {[%clk 0:35:37]} exf4 {[%clk 0:22:51]} 24. exf4
{[%clk 0:34:38]} Qd7 {[%clk 0:22:20]} 25. Qh5 {[%clk 0:29:00]} Rc8
{[%clk 0:17:38]} 26. Rg1 {[%clk 0:26:53]} Rc2 {[%clk 0:15:40]} 27. Rg2
{[%clk 0:25:30]} Bc5 {[%clk 0:15:07]} 28. Rd1 {[%clk 0:21:08]} Qe6
{[%clk 0:12:57]} 29. f5 {[%clk 0:16:41]} Qe8 {[%clk 0:12:18]} 30. Nc7
{[%clk 0:16:19]} Qe7 {[%clk 0:10:42]} 31. Nd5 {[%clk 0:15:15]} Qf8
{[%clk 0:09:26]} 32. Rg3 {[%clk 0:10:04]} Rxf2 {[%clk 0:08:33]} 33. Rh3
{[%clk 0:09:57]} h6 {[%clk 0:08:21]} 34. Rc1 {[%clk 0:07:44]} Bb6
{[%clk 0:07:37]} 35. Nxb6 {[%clk 0:05:16]} axb6 {[%clk 0:08:00]} 36. Rb3
{[%clk 0:05:15]} Qe8 {[%clk 0:07:05]} 37. Rxb6 {[%clk 0:05:01]} Qe4+
{[%clk 0:06:47]} 38. Kg1 {[%clk 0:04:47]} Qg2# 0-1

[Event "PMPJ 2022 - D13"]
[Site "Jastrzebia Gora"]
[Date "2022.11.09"]
[Round "5.2"]
[White "Drozd, Gabriela"]
[Black "Doskocz, Dominika"]
[Result "1/2-1/2"]
[BlackElo "1158"]
[WhiteElo "1107"]
[LiveChessVersion "1.4.8"]

1. e4 {[%clk 1:30:59]} e5 {[%clk 1:30:57]} 2. Nf3 {[%clk 1:31:24]} Nc6
{[%clk 1:31:22]} 3. d4 {[%clk 1:31:50]} exd4 {[%clk 1:31:37]} 4. Nxd4
{[%clk 1:32:15]} Qf6 {[%clk 1:31:45]} 5. Be3 {[%clk 1:31:48]} Bc5
{[%clk 1:31:58]} 6. c3 {[%clk 1:32:08]} Nge7 {[%clk 1:32:17]} 7. Be2
{[%clk 1:31:53]} d6 {[%clk 1:31:11]} 8. O-O {[%clk 1:32:02]} Qg6 {[%clk 1:29:33]}
9. Bf3 {[%clk 1:31:38]} Ne5 {[%clk 1:28:28]} 10. Nd2 {[%clk 1:30:08]} O-O
{[%clk 1:24:32]} 11. Re1 {[%clk 1:25:49]} Bb6 {[%clk 1:22:54]} 12. Nb5
{[%clk 1:20:20]} Bd7 {[%clk 1:12:53]} 13. Bh5 {[%clk 1:09:35]} Qf6
{[%clk 1:08:20]} 14. Bxb6 {[%clk 1:06:37]} Bxb5 {[%clk 1:06:50]} 15. Bd4
{[%clk 1:05:09]} c5 {[%clk 1:06:18]} 16. Bxe5 {[%clk 1:04:18]} Qxe5
{[%clk 1:03:13]} 17. Be2 {[%clk 1:04:04]} Bxe2 {[%clk 1:02:52]} 18. Rxe2
{[%clk 1:04:07]} Ng6 {[%clk 1:02:01]} 19. Re3 {[%clk 1:00:33]} Rad8
{[%clk 0:56:13]} 20. Qb3 {[%clk 0:58:37]} b6 {[%clk 0:54:21]} 21. Rd1
{[%clk 0:57:40]} Qe7 {[%clk 0:49:51]} 22. Nf3 {[%clk 0:56:16]} Qf6
{[%clk 0:47:32]} 23. Qa4 {[%clk 0:54:49]} Ra8 {[%clk 0:43:14]} 24. g3
{[%clk 0:53:36]} Ne5 {[%clk 0:39:57]} 25. Nxe5 {[%clk 0:53:12]} dxe5
{[%clk 0:38:52]} 26. Rd7 {[%clk 0:53:19]} Rfd8 {[%clk 0:36:24]} 27. Rxa7
{[%clk 0:51:34]} Rxa7 {[%clk 0:36:35]} 28. Qxa7 {[%clk 0:52:00]} h6
{[%clk 0:36:45]} 29. Qa6 {[%clk 0:50:27]} h5 {[%clk 0:30:30]} 30. Rd3
{[%clk 0:47:55]} Re8 {[%clk 0:30:09]} 31. Kg2 {[%clk 0:47:49]} h4
{[%clk 0:28:26]} 32. Qa4 {[%clk 0:46:59]} Re6 {[%clk 0:27:30]} 33. Qd1
{[%clk 0:47:07]} Qg6 {[%clk 0:26:01]} 34. Qe2 {[%clk 0:45:00]} hxg3
{[%clk 0:19:00]} 35. Rxg3 {[%clk 0:43:55]} Qh6 {[%clk 0:18:32]} 36. Qa6
{[%clk 0:43:33]} Re8 {[%clk 0:17:03]} 37. a4 {[%clk 0:43:12]} Qc6
{[%clk 0:16:52]} 38. Qc4 {[%clk 0:43:26]} Ra8 {[%clk 0:16:14]} 39. b3
{[%clk 0:43:39]} Rd8 {[%clk 0:13:49]} 40. Qe2 {[%clk 0:43:09]} Rd6
{[%clk 0:12:21]} 41. Qg4 {[%clk 0:40:50]} Rg6 {[%clk 0:12:22]} 42. Qf5
{[%clk 0:41:10]} Re6 {[%clk 0:11:57]} 43. h4 {[%clk 0:41:05]} c4 {[%clk 0:10:06]}
44. b4 {[%clk 0:41:06]} Qxa4 {[%clk 0:09:19]} 45. Qg5 {[%clk 0:41:25]} g6
{[%clk 0:07:52]} 46. Qd8+ {[%clk 0:41:31]} Qe8 {[%clk 0:07:36]} 47. Qd5
{[%clk 0:41:52]} Qc6 {[%clk 0:07:09]} 48. Qd8+ {[%clk 0:40:24]} Re8
{[%clk 0:06:56]} 49. Qd5 {[%clk 0:40:16]} 1/2-1/2

[Event "PMPJ 2022 - D13"]
[Site "Jastrzebia Gora"]
[Date "2022.11.09"]
[Round "5.3"]
[White "Chmielek, Kamelia"]
[Black "Woytitzki, Sophie"]
[Result "1-0"]
[BlackElo "1129"]
[WhiteElo "1386"]
[LiveChessVersion "1.4.8"]

1. e4 {[%clk 1:30:58]} e5 {[%clk 1:30:56]} 2. Nf3 {[%clk 1:31:24]} Nc6
{[%clk 1:31:21]} 3. Bc4 {[%clk 1:31:48]} Nf6 {[%clk 1:31:44]} 4. d3
{[%clk 1:32:12]} Be7 {[%clk 1:32:07]} 5. O-O {[%clk 1:32:30]} O-O
{[%clk 1:32:27]} 6. c3 {[%clk 1:32:48]} d6 {[%clk 1:32:11]} 7. Re1
{[%clk 1:32:29]} Na5 {[%clk 1:32:19]} 8. Bb5 {[%clk 1:32:53]} a6 {[%clk 1:32:42]}
9. Ba4 {[%clk 1:33:10]} b5 {[%clk 1:32:44]} 10. Bc2 {[%clk 1:33:35]} c5
{[%clk 1:32:55]} 11. d4 {[%clk 1:30:00]} Qc7 {[%clk 1:31:44]} 12. Bg5
{[%clk 1:24:24]} Re8 {[%clk 1:31:38]} 13. Nbd2 {[%clk 1:23:30]} Bg4
{[%clk 1:27:05]} 14. h3 {[%clk 1:22:11]} Bh5 {[%clk 1:26:48]} 15. Rc1
{[%clk 1:18:05]} Rad8 {[%clk 1:24:49]} 16. Nf1 {[%clk 1:00:11]} Nc4
{[%clk 1:15:11]} 17. b3 {[%clk 0:54:32]} Na3 {[%clk 1:15:08]} 18. d5
{[%clk 0:49:31]} a5 {[%clk 1:11:16]} 19. Ng3 {[%clk 0:44:49]} Nxc2
{[%clk 1:04:20]} 20. Rxc2 {[%clk 0:44:16]} Bg6 {[%clk 1:01:22]} 21. Nh4
{[%clk 0:38:19]} h6 {[%clk 0:58:40]} 22. Bc1 {[%clk 0:32:52]} Bh7
{[%clk 0:57:41]} 23. Nhf5 {[%clk 0:32:46]} Bg6 {[%clk 0:55:54]} 24. Qf3
{[%clk 0:29:14]} Rb8 {[%clk 0:52:35]} 25. h4 {[%clk 0:23:07]} h5 {[%clk 0:50:30]}
26. Bg5 {[%clk 0:22:40]} Bd8 {[%clk 0:46:51]} 27. Bxf6 {[%clk 0:17:12]} Bxf6
{[%clk 0:46:59]} 28. Re3 {[%clk 0:16:52]} Qd8 {[%clk 0:46:06]} 29. Nxh5
{[%clk 0:14:07]} Bxh4 {[%clk 0:38:49]} 30. Nhxg7 {[%clk 0:12:28]} Bxf5
{[%clk 0:38:21]} 31. Nxf5 {[%clk 0:11:51]} Bf6 {[%clk 0:38:10]} 32. Qh5
{[%clk 0:11:42]} Bg5 {[%clk 0:36:57]} 33. Rg3 {[%clk 0:11:56]} f6
{[%clk 0:35:33]} 34. Qg6+ {[%clk 0:12:13]} Kf8 {[%clk 0:35:36]} 35. Qg7#
{[%clk 0:12:28]} 1-0